000 00369nam a2200169Ia 4500
001 16224
003 IN-NITTTR
005 20251114233153.0
008 251113s9999||||xx |||||||||||||| ||eng||
040 _beng
040 _cIN-NITTTR
041 _aeng
082 _a891.431 K124M H
100 _aKalidas,
245 0 _aMeghdoot(Poetry) /
_cKalidas
942 _2ddc
_cBK
999 _c18858
_d18858